La subdivisión más grande de cada país de Oceanía - Estadísticas

Estadísticas generales
  • Esta prueba ha sido intentada 3 veces
  • La puntuación promedio es 3 de 13
Estadísticas de respuestas
País Subdivisión % Correcto
Australia Australia Occidental
100%
Nueva Zelanda Canterbury
50%
Tuvalu Funafuti
50%
Islas Marshall Majuro
50%
Vanuatu Sanma
50%
Palaos Babeldaob
0%
Estados Federados de Micronesia Chuuk
0%
Fiyi División Oriental
0%
Islas Salomón Guadacalnal
0%
Kiribati Kiritimati
0%
Papúa Nueva Guinea Sandaun
0%
Tonga Tongatapu
0%
Samoa Tuamasaga
0%
No se encontraron pruebas coincidentes
Distribución de puntuación
Porcentaje de gente con cada puntuación
Porcentaje por número respondido
Historial de tus puntuaciones
No has intentado esta prueba.